000 01208nam a22002537a 4500
005 20110615101418.0
008 110615t xxu||||| |||| 00| 0 mar d
010 _aMAR--20947
020 _c200.00
035 _aMR-13605
037 _bDBAD / PUB
040 _aDPL
_bMR
082 _a891.463
100 _aपाटील,सुमन
_928602
245 _aसाऊ आजी( भावात्मक दारावाही ) /
_cसुमन पाटील
246 _aSaaue Aaji
_bby Suman Patil
260 _aकोल्हापूर
_bअभिनंदन प्रकाशन
_c2009
270 _a1495' बी ',इंदुमती अपार्टमेंट,गुलाब गल्ली,मंगळवार पेठ
_bकोल्हापूर
_e416012
300 _a200पृ.
_c18सेमी(अजिल्द)
650 _aमराठी कादंबरी
_928609
650 _aMarathi Fiction
_928610
942 _2ddc
_cMR
_h891.463
_mपाटील
999 _c52930
_d52930